| 000 | 00778nas a2200229 i 4500 | ||
|---|---|---|---|
| 001 | 5370 | ||
| 003 | ES-MaACL | ||
| 005 | 20230908124228.0 | ||
| 007 | he ||| |||| | ||
| 008 | 900614d1989 lu r bb i001 a|spa d | ||
| 245 | 0 | 0 |
_aDiario Oficial de Las Comunidades Europeas. Repertorio [ _hMicroforma]. |
| 250 | _aEd. española. | ||
| 260 |
_aLuxembourg : _bOficina de Publicaciones Oficiales de las Comunidades Europeas, _c1989- |
||
| 300 |
_amicrofichas : _bnegativo. |
||
| 500 | _aPeriodicidad semestral. | ||
| 505 | 8 | _aRepertorio analítico e Índice cronológico-alfabético | |
| 710 | 2 |
_aComunidades Europeas. _93139 |
|
| 852 |
_aES-MaACL _95487 _jMCF-72 _cDEPO1 |
||
| 942 |
_2udc _cMICROFORMA |
||
| 999 |
_c5370 _d5370 |
||